BUBT Library Online Catalog

Financial Statement Analysis/ (Record no. 5774)

000 -LEADER
fixed length control field 00679nam a22002297a 4500
003 - CONTROL NUMBER IDENTIFIER
control field BUBTL
008 - FIXED-LENGTH DATA ELEMENTS--GENERAL INFORMATION
fixed length control field 180806b xxu||||| |||| 00| 0 eng d
020 ## - INTERNATIONAL STANDARD BOOK NUMBER
International Standard Book Number 9789339204723
041 ## - LANGUAGE CODE
Language code of text/sound track or separate title English
082 ## - DEWEY DECIMAL CLASSIFICATION NUMBER
Classification number 657.3/ Su165f/ 2009
100 ## - MAIN ENTRY--PERSONAL NAME
9 (RLIN) 1978
Personal name Subramanyam, K. R.
245 ## - TITLE STATEMENT
Title Financial Statement Analysis/
Statement of responsibility, etc. K.R. Subramanyam, John J. Wild
250 ## - EDITION STATEMENT
Edition statement 10th
260 ## - PUBLICATION, DISTRIBUTION, ETC. (IMPRINT)
Place of publication, distribution, etc. New Delhi
Name of publisher, distributor, etc. Mc Graw Hill
Date of publication, distribution, etc. c2009
300 ## - PHYSICAL DESCRIPTION
Extent [xx], 685p. :
Other physical details ill. Chart, Table ; 25cm .
500 ## - GENERAL NOTE
General note Includes Index .
650 #0 - SUBJECT ADDED ENTRY--TOPICAL TERM
9 (RLIN) 18
Topical term or geographic name as entry element Finance
700 ## - ADDED ENTRY--PERSONAL NAME
Personal name K. R. Subramanyam, John J. Wild
9 (RLIN) 5347
856 ## - ELECTRONIC LOCATION AND ACCESS
Password 0
Logon 0
Link text Download
942 ## - ADDED ENTRY ELEMENTS (KOHA)
Source of classification or shelving scheme
Koha item type Books
Holdings
Withdrawn status Lost status Source of classification or shelving scheme Damaged status Not for loan Collection code Permanent location Current location Shelving location Date acquired Source of acquisition Inventory number Total Checkouts Full call number Barcode Date last seen Copy number Price effective from Koha item type
        Not For Loan Non-fiction Bangladesh University of Business and Technology Library Bangladesh University of Business and Technology Library Finance Stacks 08/06/2018 Purchase 24746   657.3/ Su165f/ 2009 BUBTL-200324746 08/06/2018 C-1 08/06/2018 Books
          Non-fiction Bangladesh University of Business and Technology Library Bangladesh University of Business and Technology Library Finance Stacks 08/06/2018 Purchase 24741   657.3/ Su165f/ 2009 BUBTL-200324741 08/06/2018 C-2 08/06/2018 Books
          Non-fiction Bangladesh University of Business and Technology Library Bangladesh University of Business and Technology Library Finance Stacks 08/06/2018 Purchase 24745   657.3/ Su165f/ 2009 BUBTL-200324745 08/06/2018 C-3 08/06/2018 Books
          Non-fiction Bangladesh University of Business and Technology Library Bangladesh University of Business and Technology Library Finance Stacks 08/06/2018 Purchase 24744   657.3/ Su165f/ 2009 BUBTL-200324744 08/06/2018 C-4 08/06/2018 Books
          Non-fiction Bangladesh University of Business and Technology Library Bangladesh University of Business and Technology Library Finance Stacks 08/06/2018 Purchase 24743   657.3/ Su165f/ 2009 BUBTL-200324743 08/06/2018 C-5 08/06/2018 Books
          Non-fiction Bangladesh University of Business and Technology Library Bangladesh University of Business and Technology Library Finance Stacks 08/06/2018 Purchase 24742   657.3/ Su165f/ 2009 BUBTL-200324742 08/06/2018 C-6 08/06/2018 Books

More Information About Library

Library Hours

  • Open: 9.00 am. to 9.00 pm.
  • Only Sunday: 9.00 am. to 6.00 pm.
  • Closed: Holiday

Contact to the University

Bangladesh University of Business and Technology Library

  • Mirpurl-2, 1216.
  • Phone:
  • Fax:
  • E-Mail: admin.library@bubt.edu.bd

Contact to the Library

Contact Person:

Md. Abdul Hakim Shah
Joint Librarian
PABX No:  113
Cell No: 01816332931
E-mail: official: admin.library@bubt.edu.bd
Personal: hakim.shah@bubt.edu.bd


BUBT Library

Copyright © 2021